Bayern Munich scorers in Bundesliga 2016-2017 - Statistics

General Stats
  • This quiz has been taken 154 times
  • The average score is 12 of 16
Answer Stats
Player Goals % Correct
Robert Lewandowski 30
99%
Thomas Müller 5
98%
Arjen Robben 13
96%
Franck Ribéry 5
94%
David Alaba 4
87%
Joshua Kimmich 6
87%
Thiago Alcantara 6
85%
Mats Hummels 1
83%
Kingsley Coman 2
82%
Philipp Lahm 1
81%
Javi Martinez 1
68%
Xabi Alonso 3
65%
Douglas Costa 4
64%
Arturo Vidal 4
59%
Rafinha 1
55%
Juan Bernat 2
44%
No matching quizzes found
Score Distribution
Percent of People with Each Score
Percentile by Number Answered
Your Score History
You have not taken this quiz